006230000a22001930004500090001300000100003900013700003900052700003700091245008600128044001100214041001400225690002700239690004000266690001900306651002000325942001300345773005400358999001700412 aSERIADAS1 aMueses Cisneros, John Jairo9348191 aCepeda Quilindo, Belisario91007171 aMoreno Quintero, Viviana910071810aNueva especie de Epipedobates (Anura: Dendrobatidae) del suroccidente de Colombia aBrasil0 aEspañol aNuevas especies992905 aDescripciones taxonómicas9100719 aAnuros9100647 4dNariño992749 cARTICULO1 tPapéis avulsos de zoologíah1q1-10d2008g48 c16385d16385